El universo del conocimiento de la realidad social

Պահպանված է:
Մատենագիտական մանրամասներ
Հիմնական հեղինակ: Bagú, Sergio
Ձևաչափ: Տեքստ
Ցուցիչներ: Ավելացրեք ցուցիչ
Չկան պիտակներ, Եղեք առաջինը, ով նշում է այս գրառումը!

MARC

LEADER 00000 a a2200000 04500
001 23217
003
040
090 |a 160600  
100 |a Bagú, Sergio  
245 |a El universo del conocimiento de la realidad social  
300 |a 274-393 p.  
999 |c 5515  |d 5515